000 00333nam a22001337a 4500
008 170830b xxu||||| |||| 00| 0 eng d
020 _a9780805822694
041 _aeng
080 _a070
100 _a40
101 _aMED
245 _aSOCIAL AND COGNITIVE APPROACHES TO INTERPERSONAL COMMUNICATION
_cFUSSELL,S.R
942 _2udc
_cBK
999 _c25655
_d25655